Revista da Associaȯ̂ dos Magistrados da Justiȧ do Trabalho da 15® Regiô - Amatra XV

Detalles Bibliográficos
Formato: Libro
Lenguaje:portugués
Publicado: Sao Paulo: LTR Editora, 2013 -
Materias:
Acceso en línea:Acceso restringido

MARC

LEADER 00000nam a22000007a 4500
005 2014072405105.0
007 cr|||| ||||
008 140724c20139999br ||||s |||| 0|||a1por d
022 |a 1984-3887 
035 |a 12315 
040 |a vLex 
090 |c 5104  |d 5104 
245 0 0 |a Revista da Associaȯ̂ dos Magistrados da Justiȧ do Trabalho da 15® Regiô - Amatra XV  |h [Recurso electrn̤ico]  
256 |a Servicio en ln̕ea 
260 |a Sao Paulo:  |b LTR Editora,  |c 2013 -  
300 |a 1 recurso electrn̤ico 
310 |a Desconocida 
362 |a Nm︢. 1 (2013) - 
506 0 4 |a Contenido disponible en los productos indicados  |d vLex Global  |d vLex Global (Academic Edition, excluding Law Schools)  |d vLex Global (U.S. Academic Edition, Law Schools)  |d vLex Global (U.S. Academic Edition, excluding Law Schools)  |d vLex Global (Academic Edition, Law Schools) 
650 0 4 |a Derecho laboral  |z Brasil 
740 0 |a vLex Libros (Servicio en ln̕ea) 
856 4 0 |u http://vlex.com/source/revista-da-associa-o-dos-magistrados-da-justi-a-do-trabalho-da-15-regi-o-amatra-xv-12315  |z Acceso restringido 
942 |c REV 
999 0 |a Labor laws and legislation